Kvalita v celoživotnom vzdelávaní
Enregistré dans:
| Auteur principal: | |
|---|---|
| Collectivités auteurs: | , |
| Autres auteurs: | , , |
| Format: | Livre |
| Langue: | slovaque |
| Publié: |
Bratislava
[Vydavateľstvo EKONÓM]
2008
|
| Sujets: | |
| Tags: |
Pas de tags, Soyez le premier à ajouter un tag!
|
MARC
| LEADER | 00000nam$a2200000$$$4500 | ||
|---|---|---|---|
| 001 | 0104999 | ||
| 005 | 20240503084919.4 | ||
| 020 | |a 978-80-225-2802-3 | ||
| 041 | 0 | |a slo | |
| 044 | |a SK | ||
| 245 | 1 | 0 | |a Kvalita v celoživotnom vzdelávaní |c Alica Lacková, Marta Karkalíková |
| 264 | 1 | |a Bratislava |b [Vydavateľstvo EKONÓM] |c 2008 | |
| 300 | |a 131 s. [6,55 AH] | ||
| 610 | 2 | 0 | |a vzdelávanie celoživotné |
| 610 | 2 | 0 | |a vzdelávanie elektronické |
| 610 | 2 | 0 | |a vzdelávanie ďalšie |
| 610 | 2 | 0 | |a vzdelávanie dištančné |
| 610 | 2 | 0 | |a vzdelávanie permanentné |
| 610 | 2 | 0 | |a riadenie kvality |
| 610 | 2 | 0 | |a systémy kvality |
| 610 | 2 | 0 | |a modely |
| 100 | 1 | |a Lacková, Alica | |
| 700 | 1 | |a Karkalíková, Marta | |
| 700 | 1 | |a Dandar, Alexander | |
| 700 | 1 | |a Kompoltová, Soňa | |
| 710 | 2 | |a Education Quality Evaluation of Long-live Learning (EQVALL) | |
| 710 | 2 | |a Európska komisia. Zastúpenie EK na Slovensku | |